[Event "Druzynowe Mistrzostwa Polski - II liga"]
[Site "Dom Wczasowy VIS Jastrzebia Gora"]
[Date "1899-12-30"]
[Round "1.110"]
[White "Mika, Tomasz"]
[Black "Babiarz, Arkadiusz"]
[Result "1-0"]
[WhiteTitle "CM"]
[BlackTitle "I++"]
[WhiteElo "2157"]
[BlackElo "1938"]

1. c4 e6 2. Nf3 d5 3. b3 Nf6 4. Bb2 c5 5. e3 Bd6 6. Be2 Nbd7 7. cxd5 exd5 8. O-O
O-O 9. d4 Qe7 10. Nc3 Rd8 11. Rc1 b6 12. dxc5 Nxc5 13. Qd4 Bb7 14. Nb5 Bb8 15.
Qh4 a6 16. Nbd4 Qe4 17. b4 Na4 18. Ba1 Bd6 19. b5 Nc5 20. bxa6 Bxa6 21. Bxa6 Rxa6
22. Nc6 Qxh4 23. Nxh4 Rc8 24. Nb4 Ra4 25. a3 Ng4 26. Nf5 Rd8 27. h3 Ne5 28. Nxd6
Ned3 29. Nxd3 Nxd3 30. Rc8 Rxc8 31. Nxc8 b5 32. Nd6 b4 33. axb4 Nxb4 34. Nf5 f6
35. Bc3 Kf7 36. Bxb4 Rxb4 37. Ra1 1-0

[Event "Druzynowe Mistrzostwa Polski - II liga"]
[Site "Dom Wczasowy VIS Jastrzebia Gora"]
[Date "1899-12-30"]
[Round "1.111"]
[White "Ziemniak, Piotr"]
[Black "Markiewicz, Jerzy"]
[Result "0-1"]
[WhiteTitle "I+"]
[BlackTitle "FM"]
[WhiteElo "1816"]
[BlackElo "2205"]

1. e4 c5 2. Nf3 a6 3. d4 cxd4 4. Nxd4 Nf6 5. Bd3 e5 6. Nf3 d5 7. Qe2 dxe4 8. Bxe4
Nxe4 9. Qxe4 Nc6 10. O-O f6 11. Nc3 Be6 12. Rd1 Qe7 13. a3 Qf7 14. Be3 Rc8 15.
Na4 f5 16. Qh4 Be7 17. Bg5 e4 18. Bxe7 Nxe7 19. Nb6 exf3 20. Nxc8 Bxc8 21. Re1
Qf6 22. Qc4 Qc6 23. Qb4 Be6 24. Re5 Nd5 25. Qe1 Kf7 26. c4 Nf4 0-1

[Event "Druzynowe Mistrzostwa Polski - II liga"]
[Site "Dom Wczasowy VIS Jastrzebia Gora"]
[Date "1899-12-30"]
[Round "1.112"]
[White "Augustyn, Sebastian"]
[Black "Wasik, Roman"]
[Result "1-0"]
[WhiteTitle "k"]
[BlackTitle "I"]
[WhiteElo "2093"]
[BlackElo "1387"]

1. d4 g6 2. e4 Bg7 3. Nc3 d6 4. f4 Nf6 5. Nf3 O-O 6. e5 dxe5 7. dxe5 Qxd1+ 8. Kxd1
Rd8+ 9. Ke1 Nd5 10. Nxd5 Rxd5 11. Bc4 Rd8 12. Ng5 e6 13. Be3 Nc6 14. Kf2 b6 15.
Be2 Ne7 16. Bf3 c6 17. Rhd1 Bb7 18. Ne4 Nf5 19. g4 Nxe3 20. Kxe3 Bf8 21. c4 Kg7
22. g5 c5 23. Nc3 Bxf3 24. Kxf3 a6 25. Ke3 Be7 26. b3 h6 27. h4 h5 28. Na4 b5
29. Nb2 Rab8 30. Rac1 b4 31. Ra1 Ra8 32. Rxd8 Rxd8 33. a3 Rb8 34. Nd3 a5 35. axb4
axb4 36. Ra7 Kf8 37. Nf2 Rc8 38. Ne4 Ke8 39. Nf6+ Bxf6 40. exf6 Rc6 41. Ke4 Rd6
42. Re7+ Kf8 43. Rc7 Rd4+ 44. Ke5 Ke8 45. Rxc5 Rd3 46. Rc8+ Kd7 47. Rf8 Re3+ 48.
Kd4 Rxb3 49. Rxf7+ Kd6 50. c5+ Kc6 51. Re7 Rf3 52. Rxe6+ Kd7 53. Re7+ Kd8 54.
Ke4 Rc3 55. Re5 Rc1 56. f7 Re1+ 57. Kd4 1-0

[Event "Druzynowe Mistrzostwa Polski - II liga"]
[Site "Dom Wczasowy VIS Jastrzebia Gora"]
[Date "1899-12-30"]
[Round "1.113"]
[White "Wozniak, Grzegorz"]
[Black "Markiewicz, Mateusz"]
[Result "1-0"]
[WhiteTitle "I"]
[BlackTitle "I++"]
[WhiteElo "1579"]
[BlackElo "2048"]

1. d4 f5 2. Qd3 d5 3. g3 e6 4. Bg2 c5 5. dxc5 Bxc5 6. Nf3 Nf6 7. Nbd2 O-O 8. Nb3
Bb6 9. O-O Nc6 10. Be3 Nb4 11. Qd2 Bxe3 12. Qxb4 Bb6 13. c4 a5 14. Qc3 a4 15.
Nbd2 Bd7 16. Ne5 d4 17. Qd3 Qc7 18. Nxd7 Nxd7 19. b4 axb3 20. axb3 Ne5 21. Qc2
Ba5 22. Rfd1 Rfd8 23. Nf3 Nxf3+ 24. Bxf3 Bc3 25. Rxa8 Rxa8 26. e3 Qb6 27. exd4
Bxd4 28. b4 e5 29. Bd5+ Kh8 30. Rb1 f4 31. c5 Qc7 32. Qe4 fxg3 33. hxg3 Rf8 34.
Rf1 b6 35. c6 Qd6 36. b5 Qc5 37. Kg2 Qxb5 38. f4 Qb2+ 39. Kh3 Rf6 40. c7 Qc3 41.
Bc4 1-0

[Event "Druzynowe Mistrzostwa Polski - II liga"]
[Site "Dom Wczasowy VIS Jastrzebia Gora"]
[Date "1899-12-30"]
[Round "1.114"]
[White "Jalowiec, Halina"]
[Black "Tokarz, Izabela"]
[Result "0-1"]
[WhiteTitle "WFM"]
[BlackTitle "I++"]
[WhiteElo "1807"]
[BlackElo "1821"]

1. e4 c5 2. Nf3 d6 3. d4 cxd4 4. Nxd4 Nf6 5. Nc3 g6 6. g3 Bg7 7. Bg2 O-O 8. O-O
Nbd7 9. Be3 Ne5 10. h3 Nc4 11. Bc1 Nd7 12. b3 Qb6 13. Nde2 Qa5 14. Qe1 Na3 15.
Qd2 Ne5 16. Bxa3 Qxa3 17. Nb5 Qc5 18. Nbd4 Bd7 19. c3 Rac8 20. Rac1 b5 21. Kh2
Nc6 22. Nxc6 Bxc6 23. c4 b4 24. Rcd1 a5 25. Nf4 Rfd8 26. Nd3 Qb6 27. Qf4 a4 28.
Qd2 Bc3 29. Qc2 Ra8 30. Nc1 axb3 31. axb3 Ra3 32. Rd3 Rda8 33. h4 Qc5 34. Qe2
R8a5 35. Rfd1 Ra1 36. Qc2 Qh5 37. Bf3 Qe5 38. Qe2 Bb2 39. Qe3 f5 40. Bg2 fxe4
41. f4 exf3 42. Bxf3 Qxe3 43. Rxe3 Bxf3 44. Rxf3 Rxc1 45. Rd2 Rb1 46. Rdf2 Bf6
47. Re2 Raa1 48. Rd3 Rb2 0-1

[Event "Druzynowe Mistrzostwa Polski - II liga"]
[Site "Dom Wczasowy VIS Jastrzebia Gora"]
[Date "1899-12-30"]
[Round "1.116"]
[White "Stanek, Piotr"]
[Black "Kokoszczynski, Jan"]
[Result "1/2-1/2"]
[WhiteTitle "I"]
[BlackTitle "FM"]
[WhiteElo "2020"]
[BlackElo "2313"]

1. d4 d5 2. c4 e6 3. Nc3 a6 4. Nf3 Nf6 5. Bg5 dxc4 6. e3 Be7 7. Bxc4 b5 8. Be2
Bb7 9. O-O Nbd7 10. Rc1 O-O 11. a3 Rc8 12. b4 h6 13. Bxf6 Nxf6 14. Ne5 Bd6 15.
f4 Nd5 16. Nxd5 Bxd5 17. Bf3 Bxe5 18. fxe5 Qg5 19. Qd2 Bc4 20. Be2 Bd5 21. Bf3
Bc4 22. Be2 Bd5 23. Bf3 1/2-1/2

[Event "Druzynowe Mistrzostwa Polski - II liga"]
[Site "Dom Wczasowy VIS Jastrzebia Gora"]
[Date "1899-12-30"]
[Round "1.117"]
[White "Flak, Pawel"]
[Black "Brylski, Pawel"]
[Result "0-1"]
[WhiteTitle "k+"]
[BlackTitle "I+"]
[WhiteElo "2190"]
[BlackElo "1971"]

1. d4 Nf6 2. c4 b6 3. Nf3 Bb7 4. Nc3 e6 5. g3 Be7 6. Bg2 O-O 7. O-O Ne4 8. Qc2
Nxc3 9. Qxc3 d6 10. Qc2 f5 11. Ne1 Bxg2 12. Nxg2 Nc6 13. d5 exd5 14. cxd5 Ne5
15. Nf4 Qd7 16. Ne6 Rf7 17. f4 Ng4 18. h3 Nf6 19. Qxf5 Qb5 20. Ng5 Qxe2 21. Nxf7
Kxf7 22. b4 Ke8 23. Rb1 Qxa2 24. Rd1 a5 25. Bb2 Qb3 26. Rd3 Qc2 27. Re1 Qxb2 28.
Qe6 Kf8 29. Qxe7+ Kg8 30. Qe6+ Kf8 31. Qf5 axb4 32. g4 h6 33. g5 Ra2 34. Qc8+
Kf7 35. g6+ Kxg6 36. Rg3+ Kh7 37. Rxg7+ Kxg7 38. Qxc7+ Kg6 39. f5+ Kh5 40. Qf7+
Kh4 0-1

[Event "Druzynowe Mistrzostwa Polski - II liga"]
[Site "Dom Wczasowy VIS Jastrzebia Gora"]
[Date "1899-12-30"]
[Round "1.118"]
[White "Deren, Marcin"]
[Black "Gawronski, Miroslaw"]
[Result "0-1"]
[WhiteTitle "I"]
[BlackTitle "m"]
[WhiteElo "1922"]
[BlackElo "1966"]

1. d4 c5 2. c3 d5 3. Nf3 Nc6 4. g3 e6 5. Bg2 f5 6. Ne5 Nf6 7. O-O Be7 8. Qa4 Qb6
9. Nd2 cxd4 10. Nxc6 bxc6 11. cxd4 a5 12. Nf3 Ba6 13. Re1 Ne4 14. Bd2 Nxd2 15.
Nxd2 O-O 16. Nf3 Rfc8 17. e3 Rab8 18. Ne5 Bb5 19. Qd1 c5 20. b3 Bf6 21. Rc1 Bxe5
22. dxe5 a4 23. bxa4 Be8 24. Rb1 Qa5 25. Rxb8 Rxb8 26. Bxd5 exd5 27. Qxd5+ Bf7
28. e6 Qxe1+ 0-1

[Event "Druzynowe Mistrzostwa Polski - II liga"]
[Site "Dom Wczasowy VIS Jastrzebia Gora"]
[Date "1899-12-30"]
[Round "1.120"]
[White "Barczyk-telejko, Joanna"]
[Black "Szczypawka, Aleksandra"]
[Result "0-1"]
[WhiteTitle "I+"]
[BlackTitle "I++"]
[WhiteElo "1829"]
[BlackElo "1741"]

1. b3 e5 2. Bb2 d6 3. e3 Nc6 4. Bb5 Bd7 5. Nf3 Nf6 6. d4 e4 7. Nfd2 d5 8. h3 Bd6
9. a3 Ne7 10. Bxd7+ Qxd7 11. c4 c6 12. Nc3 O-O 13. Qe2 Rac8 14. b4 Bb8 15. c5
Qe6 16. a4 Nd7 17. O-O-O b6 18. Nb3 bxc5 19. bxc5 Bc7 20. a5 Rb8 21. Kc2 Rb7 22.
Ba3 f5 23. g3 Nf6 24. Rb1 h6 25. Rhg1 Nh7 26. h4 Nf6 27. Qa6 Qc8 28. Qe2 Ng4 29.
Rgf1 Kh8 30. Rh1 Ng8 31. Na2 N8f6 32. Nb4 Bd8 33. Na2 Nh5 34. Bb4 Bc7 35. Rhg1
Qe6 36. Be1 Qg6 37. Nc3 Nh2 38. Nd1 Nf3 39. Rh1 Qg4 40. Qa6 Rfb8 41. Qxc6 Nxd4+
42. Nxd4 Rxb1 43. Bc3 Be5 44. Qxd5 Bxd4 45. Qxd4 Qe2+ 46. Qd2 Qc4 0-1

[Event "Druzynowe Mistrzostwa Polski - II liga"]
[Site "Dom Wczasowy VIS Jastrzebia Gora"]
[Date "1899-12-30"]
[Round "1.121"]
[White "Krol, Rafal"]
[Black "Goluch, Piotr"]
[Result "0-1"]
[WhiteTitle "I++"]
[BlackTitle "IM"]
[WhiteElo "2003"]
[BlackElo "2353"]

1. Nf3 d5 2. c4 d4 3. b4 c5 4. Bb2 a5 5. bxc5 Nc6 6. g3 e5 7. d3 Nf6 8. Bg2 Bxc5
9. O-O O-O 10. Ba3 Bb4 11. Bxb4 axb4 12. Qc2 Nd7 13. e3 Nc5 14. e4 b3 15. Qd2
Nxd3 16. Qxd3 b2 17. Nbd2 bxa1=Q 18. Rxa1 Qe7 19. Nb3 Ra4 20. Nfd2 Be6 21. f4
f6 22. Rf1 Rxa2 23. fxe5 fxe5 24. Rxf8+ Qxf8 0-1

[Event "Druzynowe Mistrzostwa Polski - II liga"]
[Site "Dom Wczasowy VIS Jastrzebia Gora"]
[Date "1899-12-30"]
[Round "1.122"]
[White "Jankowiak, Tomasz"]
[Black "Gondzik, Dawid"]
[Result "1/2-1/2"]
[WhiteTitle "k"]
[BlackTitle "k"]
[WhiteElo "2195"]
[BlackElo "2040"]

1. e4 c5 2. Nf3 Nc6 3. d4 cxd4 4. Nxd4 Nf6 5. Nc3 e6 6. Ndb5 Bb4 7. a3 Bxc3+ 8.
Nxc3 d5 9. exd5 exd5 10. Bd3 O-O 11. O-O d4 12. Ne2 Bg4 13. f3 Bh5 14. Bg5 Bg6
15. Bh4 Qb6 16. Bxf6 gxf6 17. b3 Ne5 18. Nf4 Nxd3 19. Nxd3 Rac8 20. f4 Bxd3 21.
cxd3 Rc3 22. Rf3 f5 23. Rg3+ Kh8 24. Qh5 Qf6 25. b4 Re8 26. Qh3 Re2 27. Rg5 Rcc2
28. b5 Qe6 29. Rf1 f6 30. Qh6 Qe7 31. Rg3 Re1 32. Rgf3 Rxf1+ 33. Rxf1 Kg8 34.
Qh3 Rd2 35. Qxf5 Qe3+ 36. Kh1 Qxd3 37. Qe6+ Kg7 38. Qe7+ Kg8 39. Qe6+ Kg7 40.
Qe7+ Kg8 41. Qe6+ 1/2-1/2

[Event "Druzynowe Mistrzostwa Polski - II liga"]
[Site "Dom Wczasowy VIS Jastrzebia Gora"]
[Date "1899-12-30"]
[Round "1.123"]
[White "Lizak, Sebastian"]
[Black "Jankowiak, Piotr"]
[Result "1/2-1/2"]
[WhiteTitle "I"]
[BlackTitle "k"]
[WhiteElo "1907"]
[BlackElo "2046"]

1. c4 Nf6 2. g3 e6 3. Bg2 d5 4. d4 Be7 5. Nf3 O-O 6. b3 b6 7. O-O Bb7 8. Ba3 Bxa3
9. Nxa3 Qe7 10. Nc2 Nbd7 11. Nd2 Rfd8 12. Re1 c5 13. e4 dxe4 14. Nxe4 Nxe4 15.
Bxe4 Bxe4 16. Rxe4 Nf6 17. Rh4 g5 18. Rh3 cxd4 19. Qd2 Ne4 20. Qd3 f5 21. Re1
g4 22. Rh5 Qf7 23. Rxe4 fxe4 24. Rg5+ Kh8 25. Qxe4 Qf6 26. Rh5 Qf7 27. Rg5 Qf6
28. Rh5 h6 29. Nxd4 Rxd4 30. Qxa8+ Kg7 31. Rh4 a5 32. h3 Rd1+ 33. Kg2 1/2-1/2

[Event "Druzynowe Mistrzostwa Polski - II liga"]
[Site "Dom Wczasowy VIS Jastrzebia Gora"]
[Date "1899-12-30"]
[Round "1.124"]
[White "Statucki, Maciej"]
[Black "Dzierzak, Boguslaw"]
[Result "1-0"]
[WhiteTitle "I"]
[BlackTitle "k"]
[WhiteElo "1858"]
[BlackElo "1958"]

1. e4 c5 2. Nf3 e6 3. d4 cxd4 4. Nxd4 Qb6 5. Nb3 Qc7 6. Bd3 a6 7. O-O b5 8. a4
b4 9. Be3 Bb7 10. N1d2 d5 11. f4 dxe4 12. Nxe4 Nf6 13. Nec5 Nbd7 14. Nxb7 Qxb7
15. Qe2 Be7 16. Bd4 O-O 17. g4 Nd5 18. g5 g6 19. Rf3 Bd6 20. Raf1 Rfe8 21. Qf2
f5 22. gxf6 N7xf6 23. Na5 Qe7 24. Nc6 Qc7 25. Ne5 Re7 26. Rg3 Rg7 27. Ng4 Rf8
28. Nxf6+ Nxf6 29. Rg5 Qc6 30. Qe2 Re7 31. h4 Nd5 32. Bxg6 e5 33. Bxh7+ Kh8 34.
Be4 Qe8 35. Rh5+ Kg7 36. Qg4+ 1-0

[Event "Druzynowe Mistrzostwa Polski - II liga"]
[Site "Dom Wczasowy VIS Jastrzebia Gora"]
[Date "1899-12-30"]
[Round "1.125"]
[White "Kalkowski, Igor"]
[Black "Adaszewski, Pawel"]
[Result "0-1"]
[WhiteTitle "I++"]
[BlackTitle "II"]
[WhiteElo "1893"]
[BlackElo "1679"]

1. e4 d6 2. Nc3 g6 3. d4 Bg7 4. Nge2 a6 5. h3 b5 6. g4 Nf6 7. Bg2 Bb7 8. O-O b4
9. Nd5 Nxd5 10. exd5 c6 11. Nf4 O-O 12. Re1 a5 13. Qe2 Re8 14. dxc6 Bxc6 15. d5
Bb7 16. a3 Ba6 17. Qe4 Nd7 18. axb4 axb4 19. Qxb4 Nc5 20. Ra2 Qd7 21. b3 Bb7 22.
Rxa8 Rxa8 23. Be3 Rc8 24. Bxc5 dxc5 25. Qc4 Qd6 26. Qe4 Kf8 27. c4 e6 28. Qf3
Kg8 29. g5 Rd8 30. Qg4 e5 31. Nd3 Bc8 32. Qe2 Re8 33. Qe3 Bf8 34. f4 e4 35. Bxe4
Qb6 36. Nf2 Bg7 37. Qd3 0-1

[Event "Druzynowe Mistrzostwa Polski - II liga"]
[Site "Dom Wczasowy VIS Jastrzebia Gora"]
[Date "1899-12-30"]
[Round "1.126"]
[White "Czarniecka, Aleksandra"]
[Black "Juchniewicz-jasek, Joanna"]
[Result "1-0"]
[WhiteTitle "m"]
[BlackTitle "II"]
[WhiteElo "1960"]
[BlackElo "1281"]

1. e4 c5 2. Nf3 g6 3. d4 cxd4 4. Nxd4 Nc6 5. c4 Bg7 6. Nc2 d6 7. Be2 Nf6 8. Nc3
Be6 9. Be3 O-O 10. O-O a6 11. f3 Rc8 12. Rc1 Ne5 13. b3 Bd7 14. Qd2 Bc6 15. Rfd1
Re8 16. Nd4 Qa5 17. Nd5 Qxd2 18. Nxf6+ Bxf6 19. Rxd2 Bd7 20. Rcd1 Bg7 21. h3 Nc6
22. Nc2 Be6 23. Ne1 f5 24. exf5 gxf5 25. f4 Kf8 26. Nf3 h6 27. Bb6 Bf6 28. Nh2
Nb8 29. Bf3 Nd7 30. Be3 Nc5 31. Bxc5 dxc5 32. Bxb7 Rb8 33. Bxa6 Bd4+ 34. Kf1 Bf7
35. Bb5 Red8 36. a4 Bh5 37. g4 fxg4 38. hxg4 Bf7 39. Nf3 1-0

[Event "Druzynowe Mistrzostwa Polski - II liga"]
[Site "Dom Wczasowy VIS Jastrzebia Gora"]
[Date "1899-12-30"]
[Round "1.127"]
[White "Marczuk, Dominik"]
[Black "Jakubowski, Jaroslaw"]
[Result "1-0"]
[WhiteTitle "FM"]
[BlackTitle "k"]
[WhiteElo "2281"]
[BlackElo "2103"]

1. e4 e5 2. Nf3 Nc6 3. Bc4 Nf6 4. d3 Bc5 5. O-O d6 6. c3 a6 7. Bb3 h6 8. Re1 Ba7
9. Nbd2 O-O 10. Nf1 Ne7 11. Ng3 Ng6 12. h3 Re8 13. d4 c6 14. Bc2 Qc7 15. Be3 Be6
16. Qd2 Kh7 17. Nf5 Ng8 18. Qe2 Kh8 19. Rad1 Bxf5 20. exf5 exd4 21. Nxd4 Nf4 22.
Qg4 Nd5 23. Bc1 Ndf6 24. Qh4 Rxe1+ 25. Rxe1 Re8 26. Rxe8 Nxe8 27. Ne2 Qe7 28.
Qxe7 Nxe7 29. g4 Nf6 30. Kg2 Kg8 31. Bf4 d5 32. f3 Kf8 33. h4 Ke8 34. Ng3 Nd7
35. Nh5 Kf8 36. f6 Nxf6 37. Nxf6 gxf6 38. Bxh6+ Kg8 39. h5 Bb8 40. Be3 Be5 41.
Bc5 Nc8 42. Bf5 Nd6 43. Bxd6 Bxd6 44. Bc8 b6 45. Bxa6 c5 46. Bb7 d4 47. cxd4 cxd4
48. Kf2 Kg7 49. Ke2 f5 50. Bc8 fxg4 51. fxg4 Kf6 52. Kd3 Ke5 53. Bd7 Bf8 54. b3
Bg7 55. a4 Kd5 56. Be8 f6 57. b4 Bf8 58. a5 bxa5 59. bxa5 Kc5 60. a6 Kb6 61. Bb5
Bc5 62. Bc4 Kc7 63. Ke4 1-0

[Event "Druzynowe Mistrzostwa Polski - II liga"]
[Site "Dom Wczasowy VIS Jastrzebia Gora"]
[Date "1899-12-30"]
[Round "1.128"]
[White "Wloch, Mikolaj"]
[Black "Chmiel, Marcin"]
[Result "1/2-1/2"]
[WhiteTitle "I"]
[BlackTitle "k+"]
[WhiteElo "1822"]
[BlackElo "2188"]

1. e4 c5 2. Nf3 d6 3. d4 cxd4 4. Nxd4 Nf6 5. Nc3 Nc6 6. Be2 g6 7. Be3 Bg7 8. h4
O-O 9. h5 d5 10. Nxc6 bxc6 11. hxg6 hxg6 12. e5 Nd7 13. f4 e6 14. b4 a5 15. a3
Qe7 16. O-O axb4 17. axb4 Rxa1 18. Qxa1 Qxb4 19. Rb1 Qe7 20. Qa7 f6 21. Na4 Qf7
22. exf6 Bxf6 23. Qc7 e5 24. Qxc6 exf4 25. Bf2 Ne5 26. Qd6 Qe6 27. Rb6 Qxd6 28.
Rxd6 Bf5 29. Rxd5 Ra8 30. Nb6 Ra1+ 31. Rd1 Ra2 32. Nd5 Bg5 33. Bd3 Nxd3 34. cxd3
Kf7 35. d4 Bh6 36. Nb4 Ra4 37. Nc6 g5 38. d5 g4 39. Ne5+ Kf6 40. Nc6 g3 41. Bd4+
Kf7 42. Ne5+ Ke8 43. d6 Bg7 44. Ra1 Rxa1+ 45. Bxa1 Bf8 46. Nc4 Kd7 47. Be5 Bh6
48. Nd2 Ke6 49. Nf3 Be4 50. d7 Kxd7 51. Kf1 Ke6 52. Bc7 Bd3+ 53. Ke1 Kf5 54. Nd4+
Ke4 55. Ne2 Ba6 56. Nxg3+ fxg3 57. Bxg3 1/2-1/2

[Event "Druzynowe Mistrzostwa Polski - II liga"]
[Site "Dom Wczasowy VIS Jastrzebia Gora"]
[Date "1899-12-30"]
[Round "1.129"]
[White "Gbyl, Andrzej"]
[Black "Olszewski, Marek"]
[Result "0-1"]
[WhiteTitle "k+"]
[BlackTitle "k+"]
[WhiteElo "2144"]
[BlackElo "1980"]

1. d4 Nf6 2. Nf3 d6 3. Bf4 g6 4. e3 Bg7 5. Nc3 O-O 6. Be2 b6 7. h4 h6 8. Qd2 Bb7
9. h5 g5 10. Bxg5 hxg5 11. h6 Bh8 12. e4 Nh7 13. Nxg5 e5 14. Nxh7 Kxh7 15. d5
Rg8 16. Rh5 Nd7 17. O-O-O Bf6 18. g3 Qe7 19. Rdh1 a6 20. Qd1 Bc8 21. Kb1 Nf8 22.
Qd2 Bg5 23. f4 Bf6 24. Qd3 Ng6 25. f5 Nf8 26. Nd1 Nd7 27. Nf2 Rg5 28. R5h3 a5
29. Qe3 Rg8 30. Rh5 Bg5 31. Qc3 Nc5 32. Qf3 Bd7 33. Nh3 f6 34. Nf2 b5 35. Qg2
b4 36. R5h3 a4 37. Bh5 b3 38. Bg6+ Kh8 39. cxb3 axb3 40. a3 Bb5 41. g4 c6 42.
dxc6 Bxc6 43. Rd1 Ra4 44. Rc3 Bb7 45. Qf1 Ba6 46. Qe1 Bh4 47. Rdc1 Bg5 48. Rd1
Rd4 49. Nh3 Bd3+ 50. Rdxd3 Nxd3 51. Qf1 Nc5 52. Nxg5 fxg5 53. Rc1 Rc8 54. Qb5
Qb7 55. Qa5 Qxe4+ 56. Ka1 Qe3 57. Rb1 Qe4 58. Rc1 Qe3 59. Rb1 Qd3 60. Qe1 0-1

[Event "Druzynowe Mistrzostwa Polski - II liga"]
[Site "Dom Wczasowy VIS Jastrzebia Gora"]
[Date "1899-12-30"]
[Round "1.130"]
[White "Wisniewski, Jaroslaw"]
[Black "Golda, Sebastian"]
[Result "0-1"]
[WhiteTitle "I"]
[BlackTitle "k"]
[WhiteElo "1829"]
[BlackElo "2105"]

1. b3 Nf6 2. Bb2 g6 3. Nf3 Bg7 4. g3 d6 5. d4 O-O 6. Bg2 Nc6 7. O-O Ne4 8. Nbd2
f5 9. e3 Nxd2 10. Qxd2 h6 11. c4 e5 12. dxe5 dxe5 13. Qd5+ Kh7 14. Rfd1 Qe7 15.
Qd2 Be6 16. a3 g5 17. Qc2 a5 18. Bc3 Kh8 19. Qb2 Bg8 20. Rd2 Rad8 21. Rad1 Rxd2
22. Rxd2 Bf7 23. Nxe5 Nxe5 24. f4 gxf4 25. exf4 Nf3+ 26. Kf2 Qe1+ 27. Kxf3 Bh5+
0-1

[Event "Druzynowe Mistrzostwa Polski - II liga"]
[Site "Dom Wczasowy VIS Jastrzebia Gora"]
[Date "1899-12-30"]
[Round "1.131"]
[White "Owoc, Jakub"]
[Black "Szybowicz, Piotr"]
[Result "0-1"]
[WhiteTitle "I"]
[BlackTitle "I++"]
[WhiteElo "1738"]
[BlackElo "1904"]

1. e4 e6 2. d4 d5 3. e5 b6 4. c3 Qd7 5. Nf3 Ba6 6. Bxa6 Nxa6 7. Qd3 Nb8 8. O-O
c5 9. Be3 Nc6 10. a3 c4 11. Qc2 Nge7 12. Nbd2 h5 13. Nh4 g6 14. b3 cxb3 15. Nxb3
Rc8 16. Qd2 Nf5 17. Nxf5 gxf5 18. a4 a6 19. Rfb1 Qc7 20. Qd3 Qa7 21. Rc1 Be7 22.
Bd2 Qb7 23. Rab1 b5 24. axb5 Qxb5 25. Qf3 Qc4 26. Be3 Qd3 27. Nd2 Na5 28. Qd1
Kf8 29. Qa4 Nc4 30. Qxa6 Kg7 31. Nxc4 Qxc4 32. Qxc4 Rxc4 33. Kf1 Rhc8 34. Rb3
Ra8 35. Ke1 Ra2 36. Bd2 Rca4 37. g3 h4 38. Rb7 hxg3 39. hxg3 Bd8 40. Ke2 Ba5 41.
Kd3 Rc4 42. g4 fxg4 43. Rg1 Rxd2+ 44. Kxd2 Rxd4+ 45. Kc2 Rf4 46. Rg2 Kg6 47. Rb5
Bc7 48. Rb4 Kf5 49. Rb7 Bxe5 50. Rxf7+ Bf6 51. Rb7 Rc4 52. Rb3 d4 53. Rh2 dxc3
54. Rh5+ Kg6 55. Rh2 Ra4 56. Kd3 Ra2 57. Rb4 Rd2+ 58. Ke4 c2 59. Rc4 Bb2 60. Rh1
c1=Q 61. Rhxc1 Bxc1 62. Rxc1 Rxf2 63. Rc8 Kg5 64. Ke3 Rf6 65. Rh8 g3 66. Rg8+
Kh4 67. Rh8+ Kg4 68. Rg8+ Kh3 69. Kd2 g2 70. Rh8+ Kg3 71. Rg8+ Kh2 72. Rh8+ Kg1
73. Rh7 Rf5 74. Rg7 e5 75. Rh7 Rf4 76. Rg7 Kh2 77. Rh7+ Kg3 78. Rg7+ Rg4 0-1

[Event "Druzynowe Mistrzostwa Polski - II liga"]
[Site "Dom Wczasowy VIS Jastrzebia Gora"]
[Date "1899-12-30"]
[Round "1.132"]
[White "Roclawska, Julia"]
[Black "Jedrocha, Katarzyna"]
[Result "0-1"]
[WhiteTitle "II"]
[BlackTitle "k"]
[WhiteElo "1243"]
[BlackElo "1978"]

1. e4 c5 2. Nf3 d6 3. d4 cxd4 4. Nxd4 Nf6 5. Nc3 a6 6. f3 e5 7. Nb3 Be7 8. Be3
Be6 9. Nd5 Bxd5 10. exd5 O-O 11. Qd2 Nbd7 12. g4 Qc7 13. h4 Rfc8 14. O-O-O Nxd5
15. Bd3 a5 16. Kb1 a4 17. Na1 Nxe3 18. Qxe3 a3 19. bxa3 Nc5 20. Bf5 Rd8 21. g5
Ra4 22. Kb2 Rda8 23. Nb3 Rxa3 24. Ra1 d5 25. c3 d4 26. cxd4 Na4+ 27. Kb1 Nc3+
28. Kb2 Rxa2+ 29. Rxa2 Rxa2+ 30. Kc1 Nd5+ 31. Kb1 Nxe3 32. Bxh7+ Kxh7 33. Kxa2
Qc2+ 34. Ka1 Bb4 35. Na5 Bxa5 0-1

[Event "Druzynowe Mistrzostwa Polski - II liga"]
[Site "Dom Wczasowy VIS Jastrzebia Gora"]
[Date "1899-12-30"]
[Round "1.133"]
[White "Palosz, Andrzej"]
[Black "Liberadzki, Slawomir"]
[Result "0-1"]
[WhiteTitle "k"]
[BlackTitle "k"]
[WhiteElo "2023"]
[BlackElo "2015"]

1. e4 c5 2. Nc3 Nc6 3. g3 g6 4. Bg2 Bg7 5. d3 d6 6. Nh3 Rb8 7. O-O b5 8. f4 b4
9. Nd5 e6 10. Ne3 Nge7 11. f5 Bd4 12. Kh1 Ne5 13. fxe6 Bxe6 14. Ng5 Qd7 15. Qd2
Bxe3 16. Qxe3 O-O 17. Bd2 f6 18. Nxe6 Qxe6 19. Qh6 Ng4 20. Bh3 f5 21. Bxg4 fxg4
22. Bf4 Nc6 23. Qg5 Nd4 24. Rf2 Rbe8 25. b3 Nf3 26. Qd5 Qxd5 27. exd5 Rf5 28.
Bxd6 Rxd5 29. Bf4 g5 30. Bd2 Rde5 31. a3 Re2 32. Rxf3 gxf3 0-1

[Event "Druzynowe Mistrzostwa Polski - II liga"]
[Site "Dom Wczasowy VIS Jastrzebia Gora"]
[Date "1899-12-30"]
[Round "1.134"]
[White "Grzelak, Artur"]
[Black "Mlynarski, Kamil"]
[Result "1/2-1/2"]
[WhiteTitle "m"]
[BlackTitle "I++"]
[WhiteElo "2103"]
[BlackElo "1876"]

1. d4 Nf6 2. Nf3 g6 3. Bf4 Bg7 4. e3 O-O 5. h3 d6 6. c4 Nc6 7. Nc3 Nd7 8. Be2 e5
9. Bg5 f6 10. Bh4 Kh8 11. a3 g5 12. Bg3 f5 13. dxe5 Ndxe5 14. Qd2 Be6 15. Nd5
Nxf3+ 16. gxf3 f4 17. Bh2 fxe3 18. fxe3 Ne5 19. Bxe5 Bxe5 20. O-O-O b5 21. cxb5
c6 22. bxc6 Bxd5 23. Qxd5 Qb6 24. Rd4 Rfc8 25. Bb5 Rab8 26. Rb4 a5 27. Rb3 Rxc6+
28. Qxc6 Qxc6+ 29. Bxc6 Rxb3 30. h4 Rxe3 31. hxg5 Bf4 32. Kc2 Bxg5 33. b4 Rxa3
34. b5 Be3 35. Re1 Bc5 36. Re2 Ra4 37. Be4 Rc4+ 38. Kd3 1/2-1/2

[Event "Druzynowe Mistrzostwa Polski - II liga"]
[Site "Dom Wczasowy VIS Jastrzebia Gora"]
[Date "1899-12-30"]
[Round "1.135"]
[White "Pomagalski, Marcin"]
[Black "Kuma, Boguslaw"]
[Result "1/2-1/2"]
[WhiteTitle "I++"]
[BlackTitle "k"]
[WhiteElo "1884"]
[BlackElo "2132"]

1. e4 c5 2. Nf3 Nc6 3. Bb5 g6 4. O-O Bg7 5. Bxc6 dxc6 6. d3 Nf6 7. Nc3 O-O 8. h3
b6 9. Be3 h6 10. Qd2 Kh7 11. Rae1 Bb7 12. Ne5 Nd7 13. Ng4 h5 14. Nh2 e5 15. f4
exf4 16. Bxf4 Ne5 17. Nf3 Nxf3+ 18. Rxf3 Bc8 19. e5 Bf5 20. Kh1 Qd7 21. Ne4 Bxe4
22. Rxe4 Rae8 23. Qe2 Re6 24. Bg5 Rfe8 25. Rfe3 Kg8 26. b3 Qd5 27. c4 Qd7 28.
Bf6 Bxf6 29. exf6 Qd6 30. Rxe6 Rxe6 31. Rxe6 fxe6 32. g4 hxg4 33. hxg4 Kf7 34.
g5 Qg3 35. Qg2 Qxd3 36. Kg1 Qe3+ 37. Kh2 e5 38. Qg4 Qf2+ 39. Kh3 Qf1+ 40. Kh2
Qf2+ 41. Kh3 Qf1+ 42. Kh2 Qf2+ 1/2-1/2

[Event "Druzynowe Mistrzostwa Polski - II liga"]
[Site "Dom Wczasowy VIS Jastrzebia Gora"]
[Date "1899-12-30"]
[Round "1.136"]
[White "Sielicki, Tomasz"]
[Black "Pazdzierz, Piotr"]
[Result "1/2-1/2"]
[WhiteTitle "I++"]
[BlackTitle "I"]
[WhiteElo "1965"]
[BlackElo "1599"]

1. d4 Nf6 2. Nc3 g6 3. Bf4 Bg7 4. e4 d6 5. Qd2 O-O 6. O-O-O c6 7. f3 b5 8. Bh6
Qa5 9. Bxg7 Kxg7 10. a3 Nbd7 11. h4 h6 12. g4 Rh8 13. Nge2 b4 14. Na2 c5 15. dxc5
dxc5 16. Nf4 Ne5 17. Be2 Ba6 18. g5 hxg5 19. hxg5 Nfd7 20. Nd5 Bxe2 21. Qxe2 bxa3
22. b3 e6 23. Ne3 Nb6 24. f4 c4 25. b4 Qb5 26. fxe5 Qxe5 27. c3 Qxe4 28. Rhe1
Qf4 29. Qg4 Rh4 30. Qxf4 Rxf4 31. Rd6 Rf2 32. Rd2 Rxd2 33. Kxd2 Rh8 34. Re2 Rh5
35. Rg2 Rh1 36. Nc1 Kf8 37. Nc2 Nd5 38. Nxa3 Rh3 39. Ne2 Rd3+ 40. Kc1 Nxc3 41.
Nxc3 Rxc3+ 42. Nc2 Rh3 43. Rg4 c3 44. Kb1 Kg7 45. Ka2 f6 46. Kb3 fxg5 47. Rxg5
Kf6 48. Ra5 Rh7 49. Kxc3 g5 50. Ne3 Rh3 51. Kd4 Rh4+ 52. Kc3 Rh3 53. Kd3 Rh4 54.
Kc3 Rh3 55. Kd3 Rh4 56. Kc3 Rh3 57. Kd3 1/2-1/2